Parlament prijal zákon o zamestnanosti, ktorý nikomu nepomôže
Počet nezamestnaných a dlhodobo nezamestnaných na Slovensku. Snaha vlády a parlamentu riešiť tento problém. Psychologické aspekty nezamestnanosti. Verejnoprospešné práce ako jedno z riešení problému. Pripravovaný zákon o zamestnanosti stojí proti obciam. Problematické financovanie sociálnej pomoci....
Gespeichert in:
| 1. Verfasser: | |
|---|---|
| Format: | Buchkapitel |
| Sprache: | Slowakisch |
| Schlagworte: | |
| Tags: |
Keine Tags, Fügen Sie das erste Tag hinzu!
|
MARC
| LEADER | 00000naa a2200000 4500 | ||
|---|---|---|---|
| 001 | r038436 | ||
| 005 | 20230921110020.8 | ||
| 041 | 0 | |a slo | |
| 044 | |a SK | ||
| 245 | 1 | 0 | |a Parlament prijal zákon o zamestnanosti, ktorý nikomu nepomôže |c Eva Reiselová |
| 520 | |a Počet nezamestnaných a dlhodobo nezamestnaných na Slovensku. Snaha vlády a parlamentu riešiť tento problém. Psychologické aspekty nezamestnanosti. Verejnoprospešné práce ako jedno z riešení problému. Pripravovaný zákon o zamestnanosti stojí proti obciam. Problematické financovanie sociálnej pomoci. Nekoordinovanosť legislatívy. | ||
| 610 | 2 | 0 | |a zamestnanosť |
| 610 | 2 | 0 | |a zákony |
| 610 | 2 | 0 | |a legislatíva |
| 610 | 2 | 0 | |a nezamestnanosť dlhodobá |
| 610 | 2 | 0 | |a obce |
| 610 | 2 | 0 | |a práce verejnoprospešné |
| 610 | 2 | 0 | |a financovanie |
| 610 | 2 | 0 | |a Slovensko |
| 100 | 1 | |a Reiselová, Eva | |